| 000 | 00614nam a2200217 4500 | ||
|---|---|---|---|
| 001 | 110942 | ||
| 003 | ES-MaACL | ||
| 005 | 20230906185216.0 | ||
| 007 | t| | ||
| 008 | 061121s1999 sp r ||||1| spa d | ||
| 100 | 1 |
_aO'Flaherty, Liam. _986326 |
|
| 245 | 1 | 3 |
_aEl delator / _cLiam O'Flaherty; traducción de Jordi Arbones. |
| 250 | _a1ª. ed. | ||
| 260 |
_aBarcelona : _bAymá, _c1973. |
||
| 300 |
_a209 p. ; _c17 cm. |
||
| 490 | 1 |
_aA tot vent ; _vVol. 162 |
|
| 700 | 1 |
_aArbones, Jordi. _922417 |
|
| 830 | 0 |
_aA tot vent ; _vVol. 162 _9180884 |
|
| 852 |
_aES-MaACL _jC-52618 _bR.85775 |
||
| 999 |
_c110942 _d110942 |
||